[Event "DEM U18w 2010"]
[Site "Oberhof GER"]
[Date "2010.05.23"]
[Round "1"]
[White "Endress, Anna"]
[Black "Kohm, Vanessa"]
[Result "1-0"]
[Termination "normal"]
[Board "1"]
[WhiteElo "2107"]
[BlackElo "1768"]
[PlyCount "101"]
[WhiteFideId "24629472"]
[BlackFideId "4674472"]
[EventCountry "GER"]
[EventRounds "9"]
[EventType "swiss"]
[EventDate "2010.05.22"]

1. e4 c5 2. Nf3 d6 3. d4 cxd4 4. Nxd4 Nf6 5. Nc3 e5 6. Ndb5 a6 7. Na3 b5 8. Nd5
Nxe4 9. Be3 Nd7 10. Qf3 Nec5 11. Nf6+ Nxf6 12. Qxa8 Qc7 13. c4 b4 14. Nc2 a5
15. Bxc5 Qxc5 16. Ne3 g6 17. Be2 Bg7 18. Nd5 Nxd5 19. Qxd5 Qxd5 20. cxd5 Bb7
21. Bc4 Ke7 22. O-O Rc8 23. b3 e4 24. Rad1 Bc3 25. g3 Rc7 26. Kg2 Bc8 27. h3 f5
28. f3 e3 29. f4 Kf6 30. Kf3 Re7 31. Ke2 Bd2 32. Ra1 Re4 33. a3 bxa3 34. Rxa3
Bb7 35. g4 fxg4 36. hxg4 Rd4 37. g5+ Kg7 38. Ra4 Bc8 39. Kf3 Bf5 40. Be2 Rxd5
41. Rc4 Be6 42. Rc7+ Kh8 43. Bc4 e2 44. Kxe2 Bg4+ 45. Kf2 Rd4 46. Kg3 Bf5 47.
Re7 d5 48. Bb5 Be4 49. Rb7 Bb4 50. Rc1 Bf8 51. Rc8 1-0

[Event "DEM U18w 2010"]
[Site "Oberhof GER"]
[Date "2010.05.23"]
[Round "1"]
[White "Kirst, Julia"]
[Black "Bochis, Julia"]
[Result "0-1"]
[Termination "normal"]
[Board "2"]
[WhiteElo "1712"]
[BlackElo "2086"]
[PlyCount "110"]
[WhiteFideId "12914258"]
[BlackFideId "24647276"]
[EventCountry "GER"]
[EventRounds "9"]
[EventType "swiss"]
[EventDate "2010.05.22"]

1. d4 Nf6 2. c4 g6 3. Nc3 d5 4. cxd5 Nxd5 5. e4 Nxc3 6. bxc3 Bg7 7. Bc4 c5 8.
Ne2 Nc6 9. Be3 O-O 10. O-O Qc7 11. Rc1 Rd8 12. f4 e6 13. e5 b6 14. Qe1 Bb7 15.
Qg3 Ne7 16. Qh3 Nf5 17. Bf2 Qc6 18. Bd3 Rac8 19. Rb1 cxd4 20. cxd4 Qd5 21. Rfe1
Bf8 22. Ng3 Nxg3 23. Qxg3 Rc3 24. Rbd1 Bb4 25. Qg5 h6 26. Qg4 Rxd3 27. Rxd3
Bxe1 28. Bxe1 Qe4 29. Rd1 Rxd4 30. Ra1 Rd3 31. Bf2 Rd2 32. Re1 Qc2 33. Qh4 Qxa2
34. Rc1 Qd5 35. Qg3 a5 36. h4 Kg7 37. h5 Rd1+ 38. Rxd1 Qxd1+ 39. Be1 Qxh5 40.
Bc3 Qf5 41. Qh4 g5 42. fxg5 hxg5 43. Qg3 Qf4 44. Qd3 Be4 45. Qd4 Bd5 46. Qd3
Bc4 47. Qh3 a4 48. Bb4 b5 49. Qc3 g4 50. Be7 g3 51. Bf6+ Kh6 52. Qe1 a3 53. Bh4
Qxh4 54. Qe3+ Qg5 55. Qxa3 b4 0-1

[Event "DEM U18w 2010"]
[Site "Oberhof GER"]
[Date "2010.05.23"]
[Round "1"]
[White "Stitterich, Nadine"]
[Black "Kinzel, Tiffany"]
[Result "0-1"]
[Termination "normal"]
[Board "3"]
[WhiteElo "1974"]
[BlackElo "1570"]
[PlyCount "94"]
[WhiteFideId "24676527"]
[BlackFideId "4633741"]
[EventCountry "GER"]
[EventRounds "9"]
[EventType "swiss"]
[EventDate "2010.05.22"]

1. e4 c5 2. Nf3 d6 3. d4 cxd4 4. Nxd4 Nf6 5. Nc3 a6 6. Be2 e5 7. Nb3 Be7 8. O-O
O-O 9. Kh1 Be6 10. f4 exf4 11. Bxf4 Qb6 12. Bf3 Nbd7 13. Nd5 Nxd5 14. exd5 Bf5
15. c3 Rfe8 16. Qd4 Qc7 17. Rae1 Bf6 18. Qd2 Ne5 19. Bxe5 Bxe5 20. Nd4 Bg6 21.
Bg4 Qc4 22. b3 Qc5 23. Bf3 Rac8 24. Rc1 h6 25. Ne2 Bf6 26. Rce1 Bxc3 27. Nxc3
Qxc3 28. Qf4 Qe5 29. Qb4 Qe7 30. Bg4 Rcd8 31. h3 b5 32. Qa5 Qb7 33. Rc1 Qxd5
34. Bf3 Be4 35. Bxe4 Qxe4 36. Qxa6 Ra8 37. Qxb5 Rxa2 38. Rg1 Rd8 39. Rce1 Qg6
40. Qd5 Rb2 41. Rd1 Qe6 42. Qa5 Rb8 43. Qc7 R8xb3 44. Qd8+ Kh7 45. Qh4 Qg6 46.
Qf4 Qh5 47. Qh2 Rxg2 0-1

[Event "DEM U18w 2010"]
[Site "Oberhof GER"]
[Date "2010.05.23"]
[Round "1"]
[White "Wisheckel, Lena"]
[Black "Frey, Alisa"]
[Result "0-1"]
[Termination "normal"]
[Board "4"]
[WhiteElo "1672"]
[BlackElo "2049"]
[PlyCount "98"]
[WhiteFideId "24691992"]
[BlackFideId "24634662"]
[EventCountry "GER"]
[EventRounds "9"]
[EventType "swiss"]
[EventDate "2010.05.22"]

1. e4 c5 2. Nf3 d6 3. d4 cxd4 4. Nxd4 Nf6 5. Nc3 a6 6. Be2 e6 7. f4 Be7 8. Bf3
O-O 9. O-O Nbd7 10. Be3 e5 11. Nf5 exf4 12. Bxf4 Ne5 13. Nxe7+ Qxe7 14. Qd4 Rd8
15. h3 Bd7 16. Rae1 Rac8 17. Bd1 h6 18. Nd5 Nxd5 19. exd5 f6 20. Bg3 Bb5 21.
Rf2 Qc7 22. Bg4 Bd7 23. Bd1 Qa5 24. c3 Qxa2 25. Bc2 Qc4 26. Qd1 Rc5 27. Bxe5
dxe5 28. Bb3 Qh4 29. Qf3 Rb5 30. c4 Rc5 31. Ba2 Qg5 32. b4 Rcc8 33. c5 Kh8 34.
Kh2 a5 35. Qa3 axb4 36. Qxb4 Be8 37. Rc2 Bg6 38. Rc3 e4 39. Ree3 Qe5+ 40. Kg1
Ra8 41. Bb1 Rxd5 42. Bxe4 Ra1+ 43. Kf2 Rd2+ 44. Re2 Rxe2+ 45. Kxe2 Qxe4+ 46.
Qxe4 Bxe4 47. g3 Bc6 48. Ke3 Rf1 49. Ke2 Rg1 0-1

[Event "DEM U18w 2010"]
[Site "Oberhof GER"]
[Date "2010.05.23"]
[Round "1"]
[White "Nguyen Minh, Thuy"]
[Black "Kölbl, Ines"]
[Result "1-0"]
[Termination "normal"]
[Board "5"]
[WhiteElo "1895"]
[BlackElo "1855"]
[PlyCount "43"]
[WhiteFideId "24672688"]
[BlackFideId "24697052"]
[EventCountry "GER"]
[EventRounds "9"]
[EventType "swiss"]
[EventDate "2010.05.22"]

1. e4 c6 2. d4 d5 3. exd5 cxd5 4. c4 Nf6 5. Nc3 Nc6 6. Bg5 Be6 7. Nf3 g6 8. c5
Bg7 9. Bb5 Bg4 10. Qa4 O-O 11. Bxc6 Bxf3 12. Bxb7 Bxg2 13. Rg1 Rb8 14. c6 Qb6
15. Rxg2 Qxb2 16. Rc1 Ne4 17. Nxe4 dxe4 18. d5 Rbd8 19. Qc2 Qb4+ 20. Bd2 Qd6
21. c7 Rc8 22. Bxc8 1-0

[Event "DEM U18w 2010"]
[Site "Oberhof GER"]
[Date "2010.05.23"]
[Round "1"]
[White "Stoer, Agnes"]
[Black "Mertens, Pauline"]
[Result "0-1"]
[Termination "normal"]
[Board "6"]
[WhiteElo "1877"]
[BlackElo "1999"]
[PlyCount "78"]
[WhiteFideId "1270593"]
[BlackFideId "24671959"]
[EventCountry "GER"]
[EventRounds "9"]
[EventType "swiss"]
[EventDate "2010.05.22"]

1. d4 d5 2. Nf3 Nf6 3. c4 c6 4. Qc2 dxc4 5. Qxc4 Bf5 6. g3 e6 7. Bg2 Nbd7 8.
O-O Rc8 9. Nc3 b5 10. Qb3 a6 11. Nh4 Bg4 12. e4 c5 13. d5 e5 14. f4 b4 15. Nd1
Bxd1 16. Qxd1 c4 17. fxe5 Qb6+ 18. Kh1 Nxe5 19. Nf5 Nfg4 20. Qe2 h5 21. Ne3 Bc5
22. Nxc4 Nxc4 23. Qxc4 O-O 24. Bf3 Nxh2 25. Bf4 Nxf1 26. Rxf1 Bd6 27. Qd3 Bxf4
28. gxf4 Qf6 29. Qd2 Qh4+ 30. Kg2 Rc5 31. Rh1 Qf6 32. e5 Qg6+ 33. Kh3 a5 34.
Qd4 Rc2 35. Kh4 Rfc8 36. d6 R8c4 37. Qe3 Qf5 38. Kg3 g5 39. Rg1 h4# 0-1

[Event "DEM U18w 2010"]
[Site "Oberhof GER"]
[Date "2010.05.23"]
[Round "1"]
[White "Blübaum, Johanna"]
[Black "Falke, Cynthia"]
[Result "1-0"]
[Termination "normal"]
[Board "7"]
[WhiteElo "1988"]
[BlackElo "1672"]
[PlyCount "79"]
[WhiteFideId "24647373"]
[BlackFideId "24600644"]
[EventCountry "GER"]
[EventRounds "9"]
[EventType "swiss"]
[EventDate "2010.05.22"]

1. d4 d5 2. c4 e6 3. Nc3 Nf6 4. cxd5 exd5 5. Bg5 Be7 6. e3 Bf5 7. Qb3 b6 8.
Bxf6 Bxf6 9. Qxd5 Qxd5 10. Nxd5 Bd8 11. Rc1 Kd7 12. Nf3 f6 13. Nc3 a6 14. Be2
Be7 15. O-O Kc8 16. Nd5 Kd8 17. Nxe7 Kxe7 18. Rxc7+ Nd7 19. Rfc1 Be4 20. Nd2
Bd5 21. b3 b5 22. e4 Bf7 23. Bg4 Be6 24. Bxe6 Kxe6 25. f4 Rhd8 26. f5+ Kf7 27.
e5 fxe5 28. dxe5 Kg8 29. Nf3 Nb6 30. Kf2 Nd5 31. Rb7 Rf8 32. Rc5 Rad8 33. g4
Rf7 34. Rxf7 Kxf7 35. Ng5+ Kg8 36. Ne6 Rd7 37. Rc8+ Kf7 38. Nd8+ Ke7 39. Nc6+
Kf7 40. e6+ 1-0

[Event "DEM U18w 2010"]
[Site "Oberhof GER"]
[Date "2010.05.23"]
[Round "1"]
[White "Erofeev, Anastasia"]
[Black "Voss, Chantal"]
[Result "1/2-1/2"]
[Termination "normal"]
[Board "8"]
[WhiteElo "1624"]
[BlackElo "1879"]
[PlyCount "85"]
[WhiteFideId "12917915"]
[BlackFideId "4664906"]
[EventCountry "GER"]
[EventRounds "9"]
[EventType "swiss"]
[EventDate "2010.05.22"]

1. e4 e6 2. d4 d5 3. exd5 exd5 4. Nf3 Bd6 5. Bd3 Bg4 6. O-O Nc6 7. c3 Qd7 8.
Re1+ Nge7 9. Bg5 f6 10. Bh4 O-O-O 11. Nbd2 h5 12. Bg3 Bxg3 13. fxg3 g5 14. b4
Rdg8 15. Qe2 Ng6 16. Qf2 h4 17. Re3 Nce7 18. c4 hxg3 19. Qxg3 Nf4 20. Rxe7 Qxe7
21. Qxg4+ Kb8 22. Bf1 Qe3+ 23. Kh1 f5 24. Qg3 g4 25. Re1 Nh5 26. Qe5 Qxe5 27.
Nxe5 Ng3+ 28. Kg1 Ne4 29. Nb3 dxc4 30. Bxc4 Rg7 31. Be6 Nd6 32. Rf1 Rh5 33. Nd2
Re7 34. Bd5 Reh7 35. Ndc4 Rxh2 36. Kf2 Nb5 37. Kg3 Nxd4 38. Rf2 c6 39. Bg8 Rh8
40. Bf7 Rh1 41. Ne3 Re1 42. Kf4 Kc7 43. Nxf5 1/2-1/2

[Event "DEM U18w 2010"]
[Site "Oberhof GER"]
[Date "2010.05.23"]
[Round "1"]
[White "Dorn, Carina"]
[Black "Müller, Anna-Louise"]
[Result "1-0"]
[Termination "normal"]
[Board "9"]
[WhiteElo "1869"]
[BlackElo "1627"]
[PlyCount "73"]
[WhiteFideId "24666335"]
[BlackFideId "4633512"]
[EventCountry "GER"]
[EventRounds "9"]
[EventType "swiss"]
[EventDate "2010.05.22"]

1. d4 Nf6 2. c4 g6 3. Nc3 Bg7 4. e4 d6 5. Nf3 O-O 6. Be2 e5 7. O-O Nc6 8. d5
Ne7 9. b4 Ne8 10. Be3 f5 11. Ng5 h6 12. Ne6 Bxe6 13. dxe6 f4 14. Bc1 Nf6 15.
Bf3 Rc8 16. b5 c6 17. Ba3 Ne8 18. Qd3 Qc7 19. Rfd1 Rd8 20. Rab1 Qc8 21. Bg4 h5
22. Bh3 g5 23. Bf5 Nc7 24. Bxd6 Nxe6 25. Qh3 Nxf5 26. exf5 Nd4 27. Bxf8 Rxf8
28. Qxh5 Rxf5 29. Ne2 Nxe2+ 30. Qxe2 Qe6 31. Rd8+ Bf8 32. Rbd1 Rf7 33. Qh5 cxb5
34. cxb5 Rg7 35. h3 Qxa2 36. R1d6 Qb1+ 37. Kh2 1-0

[Event "DEM U18w 2010"]
[Site "Oberhof GER"]
[Date "2010.05.23"]
[Round "1"]
[White "Schöbel, Ulrike"]
[Black "Mijatovic, Andrea"]
[Result "0-1"]
[Termination "normal"]
[Board "10"]
[WhiteElo "1656"]
[BlackElo "1864"]
[PlyCount "72"]
[BlackFideId "14514524"]
[EventCountry "GER"]
[EventRounds "9"]
[EventType "swiss"]
[EventDate "2010.05.22"]

1. c4 e5 2. Nc3 Nf6 3. g3 d5 4. cxd5 Nxd5 5. Bg2 Nb6 6. Nf3 Nc6 7. O-O Be7 8.
a3 O-O 9. b4 Be6 10. d3 f6 11. Bb2 a5 12. b5 Nd4 13. Nxd4 exd4 14. Ne4 a4 15.
Rc1 Ra5 16. Nc5 Bd5 17. Nxb7 Bxb7 18. Bxb7 Rxb5 19. Qd2 Rb3 20. Qc2 Bxa3 21.
Bxa3 Rxa3 22. Qxc7 Qxc7 23. Rxc7 Rf7 24. Rxf7 Kxf7 25. Rb1 Rb3 26. Ra1 Ke7 27.
Ba6 Kd6 28. Kf1 Kc5 29. Ke1 a3 30. Kd1 Kb4 31. Kc1 Rc3+ 32. Kb1 Rb3+ 33. Kc1
Rb2 34. Rb1 Ka5 35. Bb7 Rxe2 36. Ra1 Re1+ 0-1

[Event "DEM U18w 2010"]
[Site "Oberhof GER"]
[Date "2010.05.23"]
[Round "1"]
[White "Sonnhalter, Stella"]
[Black "Rolfs, Rebecca"]
[Result "1-0"]
[Termination "normal"]
[Board "11"]
[WhiteElo "1751"]
[BlackElo "1408"]
[PlyCount "123"]
[WhiteFideId "4624815"]
[BlackFideId "24658219"]
[EventCountry "GER"]
[EventRounds "9"]
[EventType "swiss"]
[EventDate "2010.05.22"]

1. e4 e5 2. Nf3 Nc6 3. Bc4 Bc5 4. c3 Nf6 5. d3 d6 6. Bb3 Bg4 7. Nbd2 O-O 8. h3
Bh5 9. Nf1 Ne7 10. g4 Bg6 11. Ng3 Nd7 12. Nf5 Bxf5 13. gxf5 Kh8 14. Ng5 Qe8 15.
Qh5 Nf6 16. Nxf7+ Rxf7 17. Qxf7 Qxf7 18. Bxf7 Rf8 19. Bb3 g6 20. Bh6 Rd8 21.
Rg1 c6 22. fxg6 hxg6 23. Bg5 Kg7 24. Rd1 d5 25. exd5 cxd5 26. Bxf6+ Kxf6 27. d4
exd4 28. cxd4 Bb6 29. Rg4 Re8 30. Kd2 Ba5+ 31. Kd3 Kf5 32. Rdg1 Bc7 33. Rg5+
Ke6 34. Re1+ Kf7 35. Re2 Rd8 36. h4 Bf4 37. Rg4 Bc7 38. f4 Nf5 39. Reg2 Ne7 40.
Bc2 Rg8 41. Ke3 Bd8 42. Rh2 Rh8 43. Rhg2 Rg8 44. h5 gxh5 45. Rxg8 Nxg8 46. Bg6+
Ke6 47. Bxh5 Nf6 48. Bf3 Kf5 49. Rg7 Bb6 50. Rxb7 Ke6 51. a4 Ne8 52. b4 Nd6 53.
Rxb6 axb6 54. Be2 Kd7 55. a5 bxa5 56. bxa5 Kc7 57. a6 Kb6 58. Kf3 Nf7 59. f5
Ng5+ 60. Kf4 Nh7 61. Ke5 Nf8 62. Kxd5 1-0

[Event "DEM U18w 2010"]
[Site "Oberhof GER"]
[Date "2010.05.23"]
[Round "2"]
[White "Mijatovic, Andrea"]
[Black "Endress, Anna"]
[Result "0-1"]
[Termination "normal"]
[Board "1"]
[WhiteElo "1864"]
[BlackElo "2107"]
[PlyCount "64"]
[WhiteFideId "14514524"]
[BlackFideId "24629472"]
[EventCountry "GER"]
[EventRounds "9"]
[EventType "swiss"]
[EventDate "2010.05.22"]

1. e4 c5 2. Nf3 Nc6 3. d4 cxd4 4. Nxd4 Qb6 5. Nb3 Nf6 6. Nc3 e6 7. Be3 Qc7 8.
a3 a6 9. Be2 b5 10. O-O Bb7 11. f4 b4 12. axb4 Nxb4 13. Bf3 d5 14. e5 Nd7 15.
Bg4 g6 16. Qd2 Be7 17. Nd4 Nb6 18. Be2 O-O 19. Na2 Nxa2 20. Rxa2 Nc4 21. Qc3 a5
22. Nb5 Qd7 23. Bxc4 dxc4 24. Nd6 Bxd6 25. exd6 Qxd6 26. Rxa5 Qc6 27. Rf2 Rxa5
28. Qxa5 Ra8 29. Qd2 Qb5 30. Bd4 c3 31. Qd3 Ra1+ 32. Rf1 Qd5 0-1

[Event "DEM U18w 2010"]
[Site "Oberhof GER"]
[Date "2010.05.23"]
[Round "2"]
[White "Bochis, Julia"]
[Black "Blübaum, Johanna"]
[Result "1/2-1/2"]
[Termination "normal"]
[Board "2"]
[WhiteElo "2086"]
[BlackElo "1988"]
[PlyCount "120"]
[WhiteFideId "24647276"]
[BlackFideId "24647373"]
[EventCountry "GER"]
[EventRounds "9"]
[EventType "swiss"]
[EventDate "2010.05.22"]

1. e4 e6 2. d4 d5 3. Nc3 Nf6 4. e5 Nfd7 5. f4 c5 6. Nf3 Nc6 7. Be3 Be7 8. Be2
O-O 9. Qd2 f6 10. exf6 Rxf6 11. O-O a6 12. Kh1 c4 13. Rae1 b5 14. a3 Nb6 15.
Bf2 Bd7 16. Ng5 Qc7 17. Bg3 Bd6 18. Bg4 Re8 19. Nd1 h6 20. Nh3 Nc8 21. Bh4 Rff8
22. Bh5 N8e7 23. Bxe8 Rxe8 24. Ne3 Rf8 25. Bg3 Be8 26. Ng4 Nf5 27. Bf2 Bh5 28.
Ne5 Nxe5 29. fxe5 Be7 30. Be3 g5 31. Nf2 Bg6 32. Ng4 Kg7 33. Kg1 Qd8 34. Bf2
Rf7 35. Ne3 Nxe3 36. Bxe3 Bf5 37. Rf2 Qe8 38. Ref1 Kg8 39. Qe2 Kg7 40. Qd2 Qd8
41. Rf3 Qe8 42. Qa5 Qc8 43. Bd2 Bd8 44. Qb4 Be7 45. Qc3 Qd8 46. Qe3 Qe8 47. Bb4
Bd8 48. g4 Bg6 49. Qf2 Kg8 50. Bf8 Qxf8 51. Rxf7 Qxf7 52. Qxf7+ Bxf7 53. Kf2
Kf8 54. Ke3 Ke8 55. c3 Bg6 56. Kd2 Be7 57. Rf2 a5 58. Rf1 Kd7 59. Rf2 Kc6 60.
Rf1 Kd7 1/2-1/2

[Event "DEM U18w 2010"]
[Site "Oberhof GER"]
[Date "2010.05.23"]
[Round "2"]
[White "Frey, Alisa"]
[Black "Dorn, Carina"]
[Result "1/2-1/2"]
[Termination "normal"]
[Board "3"]
[WhiteElo "2049"]
[BlackElo "1869"]
[PlyCount "74"]
[WhiteFideId "24634662"]
[BlackFideId "24666335"]
[EventCountry "GER"]
[EventRounds "9"]
[EventType "swiss"]
[EventDate "2010.05.22"]

1. e4 e6 2. d4 d5 3. Nc3 Bb4 4. e5 c5 5. a3 Bxc3+ 6. bxc3 Qa5 7. Bd2 Qa4 8. Be3
c4 9. f4 Nc6 10. g4 Bd7 11. Bg2 Nge7 12. Kd2 O-O-O 13. Ne2 Kb8 14. Ng3 Nc8 15.
Rf1 Nb6 16. Qf3 Qa5 17. Bg1 Na4 18. Nh5 Rhg8 19. Qe3 a6 20. Bf2 Na7 21. Be1 Rc8
22. Ke2 Rc6 23. Bd2 Nb5 24. Kf2 Qd8 25. Kg1 f5 26. gxf5 Be8 27. Ng3 exf5 28.
Bh3 g6 29. Bg2 Nc7 30. Ne2 Ne6 31. Kh1 Rb6 32. Qf3 Bc6 33. Ra2 Rb2 34. Rxb2
Nxb2 35. Bc1 Na4 36. Ng3 Qe7 37. Ne2 Ka7 1/2-1/2

[Event "DEM U18w 2010"]
[Site "Oberhof GER"]
[Date "2010.05.23"]
[Round "2"]
[White "Kinzel, Tiffany"]
[Black "Nguyen Minh, Thuy"]
[Result "0-1"]
[Termination "normal"]
[Board "4"]
[WhiteElo "1570"]
[BlackElo "1895"]
[PlyCount "56"]
[WhiteFideId "4633741"]
[BlackFideId "24672688"]
[EventCountry "GER"]
[EventRounds "9"]
[EventType "swiss"]
[EventDate "2010.05.22"]

1. Nc3 e6 2. e4 c5 3. f4 Nc6 4. Nf3 g6 5. Bc4 Bg7 6. O-O Nge7 7. Qe1 Nd4 8.
Nxd4 Bxd4+ 9. Kh1 d5 10. d3 Nc6 11. f5 Ne5 12. Bb3 Nc6 13. Bh6 Qe7 14. Qd2 Be5
15. Rae1 Nd4 16. Ba4+ Bd7 17. Bxd7+ Kxd7 18. fxe6+ Nxe6 19. Nxd5 Qh4 20. Rxf7+
Kc6 21. Bf4 Nxf4 22. Nxf4 Raf8 23. g3 Qg4 24. Rxf8 Rxf8 25. Ng2 Qh3 26. Qg5 Rf2
27. Rg1 Bd4 28. c3 Qxg2+ 0-1

[Event "DEM U18w 2010"]
[Site "Oberhof GER"]
[Date "2010.05.23"]
[Round "2"]
[White "Mertens, Pauline"]
[Black "Sonnhalter, Stella"]
[Result "1-0"]
[Termination "normal"]
[Board "5"]
[WhiteElo "1999"]
[BlackElo "1751"]
[PlyCount "77"]
[WhiteFideId "24671959"]
[BlackFideId "4624815"]
[EventCountry "GER"]
[EventRounds "9"]
[EventType "swiss"]
[EventDate "2010.05.22"]

1. e4 c5 2. Nf3 Nc6 3. d4 cxd4 4. Nxd4 g6 5. Nc3 Bg7 6. Be3 Nf6 7. Bc4 O-O 8.
Bb3 Ng4 9. Qxg4 Nxd4 10. Qd1 Nxb3 11. axb3 b6 12. Qd2 Bb7 13. Bh6 Qc7 14. Bxg7
Kxg7 15. h4 Qe5 16. O-O-O d6 17. f4 Qe6 18. h5 Rh8 19. h6+ Kf8 20. e5 Rd8 21.
Rhe1 Qg4 22. Qe3 d5 23. Nb5 a6 24. Qxb6 Rd7 25. e6 fxe6 26. Nd4 Kf7 27. Nxe6
Rc8 28. Ng5+ Kg8 29. Qd4 e6 30. Nxe6 Qxg2 31. c3 Qh3 32. Nc5 Rf7 33. Nxb7 Rxb7
34. Qxd5+ Rf7 35. Re7 Rcf8 36. Rde1 Qf5 37. Qxf5 gxf5 38. Rg1+ Kh8 39. Rg7 1-0

[Event "DEM U18w 2010"]
[Site "Oberhof GER"]
[Date "2010.05.23"]
[Round "2"]
[White "Kohm, Vanessa"]
[Black "Erofeev, Anastasia"]
[Result "0-1"]
[Termination "normal"]
[Board "7"]
[WhiteElo "1768"]
[BlackElo "1624"]
[PlyCount "72"]
[WhiteFideId "4674472"]
[BlackFideId "12917915"]
[EventCountry "GER"]
[EventRounds "9"]
[EventType "swiss"]
[EventDate "2010.05.22"]

1. d4 d5 2. c4 e6 3. Nf3 Nf6 4. Nc3 c6 5. Bg5 Nbd7 6. e3 Qa5 7. Qc2 Ne4 8. Bf4
Bb4 9. Rc1 Ndf6 10. Nd2 O-O 11. cxd5 exd5 12. Bd3 Re8 13. O-O Bf5 14. Nb3 Qd8
15. Na4 Bg6 16. Nac5 Bxc5 17. Nxc5 Nxc5 18. Bxg6 hxg6 19. Qxc5 Kh7 20. h3 Rh8
21. Qb4 Qd7 22. Rc3 a5 23. Qa4 Ne4 24. Rc2 g5 25. Bh2 Nf6 26. f3 Kg8 27. b4 Ne8
28. bxa5 Nd6 29. Bxd6 Qxd6 30. Rb1 Qg3 31. Qb4 Rxh3 32. Rf2 Rh1+ 33. Kxh1 Qxf2
34. Qe7 g4 35. fxg4 Kh7 36. Qxb7 Rh8 0-1

[Event "DEM U18w 2010"]
[Site "Oberhof GER"]
[Date "2010.05.23"]
[Round "2"]
[White "Falke, Cynthia"]
[Black "Kirst, Julia"]
[Result "0-1"]
[Termination "normal"]
[Board "8"]
[WhiteElo "1672"]
[BlackElo "1712"]
[PlyCount "68"]
[WhiteFideId "24600644"]
[BlackFideId "12914258"]
[EventCountry "GER"]
[EventRounds "9"]
[EventType "swiss"]
[EventDate "2010.05.22"]

1. e4 d6 2. d4 Nf6 3. Nc3 g6 4. Bc4 Bg7 5. Qe2 e5 6. dxe5 dxe5 7. Bg5 c6 8. f4
Qa5 9. Nf3 Nbd7 10. Bb3 O-O 11. O-O h6 12. Bxf6 Bxf6 13. f5 Kh7 14. Rad1 Nc5
15. Rd6 Nxb3 16. Rxf6 Kg7 17. fxg6 Qc5+ 18. Kh1 Kxf6 19. Nh4+ Kg7 20. axb3 fxg6
21. Rxf8 Qxf8 22. Nf3 Qf4 23. Qe1 Bg4 24. Nd2 Rd8 25. Ncb1 h5 26. h3 Be6 27.
Nf3 Bxh3 28. Nc3 Rf8 29. gxh3 Qxf3+ 30. Kh2 Rd8 31. Qc1 Qf2+ 32. Kh1 Rd2 33.
Qg1 Qf3+ 34. Qg2 Qxg2# 0-1

[Event "DEM U18w 2010"]
[Site "Oberhof GER"]
[Date "2010.05.23"]
[Round "2"]
[White "Müller, Anna-Louise"]
[Black "Wisheckel, Lena"]
[Result "1/2-1/2"]
[Termination "normal"]
[Board "9"]
[WhiteElo "1627"]
[BlackElo "1672"]
[PlyCount "52"]
[WhiteFideId "4633512"]
[BlackFideId "24691992"]
[EventCountry "GER"]
[EventRounds "9"]
[EventType "swiss"]
[EventDate "2010.05.22"]

1. e4 e6 2. d4 d5 3. exd5 exd5 4. Bd3 Nc6 5. c3 Bd6 6. Nf3 Nge7 7. O-O Bg4 8.
Nbd2 Qd7 9. Re1 O-O-O 10. b4 f6 11. a4 g5 12. a5 h5 13. b5 Nb8 14. Ba3 h4 15.
Bxd6 Qxd6 16. h3 Bh5 17. Qe2 Rhe8 18. Qe6+ Qxe6 19. Rxe6 Nd7 20. Rae1 Ng8 21.
Bf5 Bf7 22. Rxe8 Rxe8 23. Kf1 Kd8 24. Nb3 Rxe1+ 25. Kxe1 b6 26. Nfd2 Ne7
1/2-1/2

[Event "DEM U18w 2010"]
[Site "Oberhof GER"]
[Date "2010.05.23"]
[Round "2"]
[White "Kölbl, Ines"]
[Black "Schöbel, Ulrike"]
[Result "1-0"]
[Termination "normal"]
[Board "10"]
[WhiteElo "1855"]
[BlackElo "1656"]
[PlyCount "107"]
[WhiteFideId "24697052"]
[EventCountry "GER"]
[EventRounds "9"]
[EventType "swiss"]
[EventDate "2010.05.22"]

1. d4 d5 2. c4 c6 3. Nf3 e6 4. Nc3 Be7 5. Bf4 Nf6 6. e3 O-O 7. Bd3 Nbd7 8. h3
a6 9. O-O dxc4 10. Bxc4 b5 11. Be2 Bb7 12. a3 c5 13. dxc5 Nxc5 14. Ne5 Qxd1 15.
Raxd1 Rfd8 16. b4 Ncd7 17. Bf3 Bxf3 18. Nxf3 Rdc8 19. Rc1 Nb6 20. Nd2 Nbd5 21.
Nxd5 Nxd5 22. Ne4 Nxf4 23. exf4 Bf6 24. Nxf6+ gxf6 25. Rfd1 Kf8 26. Rxc8+ Rxc8
27. Rd6 Ra8 28. Rc6 a5 29. Rb6 axb4 30. axb4 Ra1+ 31. Kh2 Rb1 32. Rxb5 Kg7 33.
Rb8 Kg6 34. b5 e5 35. fxe5 fxe5 36. b6 Kf5 37. g4+ Ke4 38. Kg2 Kd5 39. f3 Kc6
40. Kf2 Rh1 41. Kg2 Re1 42. b7 Rb1 43. Rc8+ Kxb7 44. Rf8 Rc1 45. Rxf7+ Rc7 46.
Rxc7+ Kxc7 47. Kf2 Kd6 48. Ke3 Ke6 49. Ke4 Kd6 50. h4 Ke6 51. g5 Kd6 52. Kf5
Kd5 53. h5 Kd4 54. g6 1-0

[Event "DEM U18w 2010"]
[Site "Oberhof GER"]
[Date "2010.05.23"]
[Round "2"]
[White "Rolfs, Rebecca"]
[Black "Stoer, Agnes"]
[Result "0-1"]
[Termination "normal"]
[Board "11"]
[WhiteElo "1408"]
[BlackElo "1877"]
[PlyCount "68"]
[WhiteFideId "24658219"]
[BlackFideId "1270593"]
[EventCountry "GER"]
[EventRounds "9"]
[EventType "swiss"]
[EventDate "2010.05.22"]

1. e4 e6 2. d4 d5 3. exd5 exd5 4. Nc3 Nf6 5. Bg5 c6 6. Nf3 Bg4 7. Be2 Bd6 8.
Nh4 Be6 9. Bd3 h6 10. Bd2 O-O 11. Nf5 Bxf5 12. Bxf5 Re8+ 13. Ne2 Qe7 14. Be3
Ne4 15. Qd3 Na6 16. c3 Nc7 17. O-O-O b5 18. Rde1 Qf6 19. Bxe4 dxe4 20. Qc2 Nd5
21. Ng3 Qe6 22. Bd2 f5 23. Kb1 a5 24. Qc1 b4 25. c4 Nf6 26. b3 a4 27. bxa4 Rxa4
28. Qc2 Rea8 29. Re2 Rxa2 30. Qxa2 Rxa2 31. Kxa2 Qxc4+ 32. Kb2 Qxd4+ 33. Kc2
Qd3+ 34. Kd1 b3 0-1

[Event "DEM U18w 2010"]
[Site "Oberhof GER"]
[Date "2010.05.24"]
[Round "3"]
[White "Endress, Anna"]
[Black "Mertens, Pauline"]
[Result "1-0"]
[Termination "normal"]
[Board "1"]
[WhiteElo "2107"]
[BlackElo "1999"]
[PlyCount "85"]
[WhiteFideId "24629472"]
[BlackFideId "24671959"]
[EventCountry "GER"]
[EventRounds "9"]
[EventType "swiss"]
[EventDate "2010.05.22"]

1. e4 c5 2. Nc3 d6 3. Nge2 e6 4. g3 Nc6 5. Bg2 e5 6. d3 g6 7. O-O Bg7 8. Nd5
Be6 9. Nec3 a6 10. f4 f5 11. exf5 Bxf5 12. g4 Be6 13. f5 gxf5 14. gxf5 Bxd5 15.
Nxd5 Nf6 16. Nxf6+ Bxf6 17. Qh5+ Kd7 18. Bd5 Qe7 19. Bh6 Kc7 20. c3 Rad8 21.
Kh1 Kb8 22. Rg1 Ka7 23. Rg2 Rd7 24. Rag1 Qe8 25. Qxe8 Rxe8 26. Be6 Rde7 27. Rg8
Nd8 28. Rxe8 Rxe8 29. Rg8 Rxg8 30. Bxg8 Kb6 31. Kg2 Nc6 32. Kg3 Kc7 33. h4 Kd8
34. Bxh7 Ke7 35. Bg8 Nd8 36. Bg5 Nc6 37. Bd5 Nd8 38. Kg4 Nf7 39. Bxf6+ Kxf6 40.
Bxf7 Kxf7 41. c4 Kf6 42. a4 b6 43. h5 1-0